Les fonds espagnols et leur valeur intrinsèque y compris l'emprunt 3% de 1000.000.000 de réaux contracté par le Gouvernement provisoire en avril 1869, avec la sanction des Cortes / (Record no. 162376)

MARC details
000 -LEADER
campo de control de longitud fija 00738nam a22001815i 4500
001 - NÚMERO DE CONTROL
campo de control 162376
003 - IDENTIFICADOR DE NÚMERO DE CONTROL
campo de control ES-MaACL
005 - FECHA Y HORA DE LA ÚLTIMA TRANSACCIÓN
campo de control 20230906212517.0
008 - DATOS DE LONGITUD FIJA--INFORMACIÓN GENERAL
campo de control de longitud fija 041108s1869 fr |||| | fre d
080 ## - NÚMERO DE LA CLASIFICACIÓN DECIMAL UNIVERSAL
Número de la Clasificación Decimal Universal 336.3(460)"18"
100 1# - ENTRADA PRINCIPAL--NOMBRE DE PERSONA
Nombre de persona Polak, Felix.
9 (RLIN) 131240
245 14 - MENCIÓN DEL TÍTULO
Título Les fonds espagnols et leur valeur intrinsèque y compris l'emprunt 3% de 1000.000.000 de réaux contracté par le Gouvernement provisoire en avril 1869, avec la sanction des Cortes /
Mención de responsabilidad, etc. par Félix Polak.
260 ## - PUBLICACIÓN, DISTRIBUCIÓN, ETC.
Lugar de publicación, distribución, etc. [Le Haye :
Nombre del editor, distribuidor, etc. s.n.,
Fecha de publicación, distribución, etc. 1869?]
300 ## - DESCRIPCIÓN FÍSICA
Extensión 31 p. ;
Dimensiones 23 cm.
650 #4 - PUNTO DE ACCESO ADICIONAL DE MATERIA--TÉRMINO DE MATERIA
Término de materia o nombre geográfico como elemento de entrada Deuda pública-
Subdivisión geográfica España.
9 (RLIN) 135920
852 4# - LOCALIZACIÓN
Ubicación ES-MaACL
Número de control de estantería T-104-F-1
Nota libre - Enc. hol., falto de cub. original
-- - Enc. en un vol. facticio
852 4# - LOCALIZACIÓN
Ubicación ES-MaACL
Número de control de estantería T-143-F-1
Holdings
Estatus retirado Estado de pérdida Estado de daño No para préstamo Colección Biblioteca de origen Biblioteca actual Ubicación en estantería Fecha de adquisición Fuente de adquisición Total de préstamos Signatura topográfica completa Código de barras Visto por última vez Precio de reemplazo Tipo de ítem Koha
        Colección de folletos Biblioteca del Ateneo de Madrid Biblioteca del Ateneo de Madrid Depósito folletos 26/09/2014     T-143-F-1 1193130 23/02/2023 23/02/2023 Folleto
        Colección de folletos Biblioteca del Ateneo de Madrid Biblioteca del Ateneo de Madrid Depósito folletos 17/01/2008     T-104-F-1 1170111 23/02/2023 23/02/2023 Folleto